000 nam a22 7a 4500
999 _c10404
_d10404
008 180216b ||||| |||| 00| 0 eng d
100 _aSinghal.J.P.etal.
_9666
245 _aSocial Science-VIII
260 _aNew Delhi
_bAmanda